01136nam a2200241 a 450000100100000000500170001000800410002702000150006804000250008310000200010824000670012824502000019524600920039526000730048730000270056049000350058750400280062254600530065070000270070383000420073095201050077299900170087700004155820201002035634.0131011s2003 mm 000 0 spa d a8400081272 aDO-SdBNPbspacBNPHU1 aBaq, Ibn96830010aKitab zahrat al-rawd fi taljis taqdir al-fardlEspañol-Arabe10aKitâb Zahrat al-rawd fî taljîs taqdîr al-fard. :b(libro dela flor del jardín, acerca del resumen del a evaluación de la obligación) /cIbn Baq; edición y estudio, Rachid El Hour.31aLibro de la flor del jardín, acerca del resumen de la evaluación de la obligación aMadrid, :bConsejo Superior de Investigaciones Científicas,c2003. a80, [190] p. ;c24 cm.1 aFuentes Arábico-Hispanasv29 aBibliografía p: 69-78 aTexto en Arabe (maltes) y traducido al español1 aEl Hour, Rachid967531 0aFuentes Arábico-Hispanasv29965581 001050718MOaGRbGRcCTd2013-10-11iLF1l0o p41558-10r2020-06-25w2020-06-25y1ZNo se presta c41048d41048